| 000 | 01266nam a2200193 u 4500 | ||
|---|---|---|---|
| 001 | 000476931 | ||
| 003 | AM-YeHGA | ||
| 005 | 20250617134018.0 | ||
| 008 | 060227s1989 ||| r 000 0 rus d | ||
| 040 | _aAM-YeHGA | ||
| 041 | 0 | _arus | |
| 245 | 0 | 0 |
_aОдиночные ионные каналы в биологических мембранах : _bВсесоюз. симпоз. (26-28 апр. 1989 г., Кара-Даг) : Тез. докл. / _cПод ред. Г.Н. Берестовского, В.И. Ильина. |
| 260 |
_aПущино : _bНЦБИ, _c1989. |
||
| 300 | _a106 с. | ||
| 550 | _aАН СССР, Науч. центр биол. исслед., Науч. совет по комплекс. пробл. "Биол. мембраны", Науч. совет АН СССР по физ. принципам функционирования биол. систем, Ин-т биол. физики АН СССР, Всесоюз. кардиол. центр АМН СССР, Карадаг. отд-ние Ин-та биологии юж. морей АН УССР | ||
| 653 | 0 | _aБиологические мембраны - Ионные каналы - Тезисы докладов | |
| 700 | 1 |
_aБерестовский, Г.Н. _eред. _4edt |
|
| 090 | _c176321 | ||
| 999 |
_c174879 _d174879 |
||